000 00778nam a22002537a 4500
005 20170123162323.0
010 _a088848
020 _c00.00
035 _a088848
037 _bCen Lib/Ret
040 _aDPL
_bUR
082 _a841.08
_bا ق ب
100 _aعبدل ملک آروی
_9139199
245 _aاقبال شعاری /
_cعبدل ملک آروی
246 _aIqbal ki shayari /
_bby Abdul Malik Arvi
260 _aبدایوں
_bمطبوعہ نظامی پریس
_c1950
270 _a
_bبدایوں
300 _a417p.
_c18cm(Hb)
650 _aاردو ادب
_9139200
650 _aاردو نظم
_9139201
650 _aUrdu literature
_9139202
650 _aUrdu poetry
_9139203
942 _2ddc
_cUR
_h841.08
_mا ق ب
999 _c107237
_d107237